000 00735cam a2200229 a 4500
001 2561585
005 20231204225928.0
008 950906s1997 nyu b 001 0 eng
020 _a0415912113 (cloth)
020 _a0415912121 (pbk.)
040 _aDLC
_cDLC
_dDLC
082 0 0 _a305.42/09172/4
_220
245 0 0 _aFeminist genealogies, colonial legacies, democratic futures /
_cedited by M. Jacqui Alexander and Chandra Talpade Mohanty.
260 _aNew York :
_bRoutledge,
_c1997.
300 _axlii, 422 p. ;
650 0 _aFeminism
650 0 _aWomen
700 1 _aAlexander, M. Jacqui.
_eedt
700 1 _aMohanty, Chandra Talpade,
_eedt
856 4 2 _uhttp://www.loc.gov/catdir/enhancements/fy0702/95036341-d.html
942 _cL
999 _c136
_d136